| 000 | 00992cam a22001694a 4500 | ||
|---|---|---|---|
| 005 | 20250605163654.0 | ||
| 008 | 250528s ||||||||||||||||||||||||d | ||
| 035 | _a24009 | ||
| 040 |
_aGR-AtMCL _bgre _dGR-AtMCL _eAACR2 |
||
| 245 | 1 | _aSupply Chain and Logistics / Το Περιοδικό για την Εφοδιαστική Αλυσίδα | |
| 260 |
_bParametros Group _bScl Magazine, _c2020 |
||
| 300 | _a96 | ||
| 520 | _aΝέα Εποχή: Εναλλακτικά Καύσιμα και Ηλεκτροκίνηση στις Οδικές Μεταφορές, Φάκελος Agrologistics: Ποιοί Παράγοντες Συνθέτουν Επιτυχημένα Aglologistics, Cargo Plus: Τα Συμπεράσματα του Διεθνούς Συνεδρίου της IRU στο Λονδίνο, Covid 19: Πόσο Επηρεάζει ο Κορονοϊός τις Διεθνείς Εφοδιαστικές Αλυσίδες. | ||
| 942 | _cCR | ||
| 999 |
_c8912 _d8912 |
||